000
00295nam a2200109Ia 4500
008
171211s9999 xx 000 0 und d
245
2
_a
A Field Guide to Deep-Sky Objects
245
_c
Mike Inglis
260
_c
2012
650
_x
ASTRONOMY
856
_u
http://down.ebook777.com/064/146141265X.pdf
999
_c
349399
_d
349399